| 000 | 00936cam a2200253 a 4500 | ||
|---|---|---|---|
| 001 | 15892291 | ||
| 005 | 20180118080003.0 | ||
| 008 | 090903s2009 mnu 001 0 eng | ||
| 010 | _a 2009378243 | ||
| 020 | _a9780314184023 (hbk.) | ||
| 020 | _a9780314184016 (pbk. ; teacher's manual) | ||
| 020 | _a9780314925626 (pbk. ; comprehensive teacher's manual) | ||
| 040 |
_aDLC _cDLC |
||
| 041 | _aeng | ||
| 043 | _an-us--- | ||
| 080 | _a347.735 JAC | ||
| 082 | 0 | 0 |
_a347.735 JAC _221 |
| 100 | _a14 | ||
| 101 | _aJUR | ||
| 245 | 0 | 0 |
_aCivil procedure : _cby Jack H. Friedenthal ... [et al.]. |
| 906 |
_a7 _bcbc _corigcop _d2 _encip _f20 _gy-gencatlg |
||
| 942 |
_2ddc _cBK |
||
| 999 |
_c40485 _d40485 |
||